Normal view MARC view
  • Motor vehicles

Entry Topical Term

Number of records used in: 6

001 - CONTROL NUMBER

  • control field: 10006

003 - CONTROL NUMBER IDENTIFIER

  • control field: NUST

005 - DATE AND TIME OF LATEST TRANSACTION

  • control field: 20180223045947.0

008 - FIXED-LENGTH DATA ELEMENTS

  • fixed length control field: 180223|| aca||aabn | a|a d

040 ## - CATALOGING SOURCE

  • Original cataloging agency: NUST
  • Transcribing agency: NUST

150 ## - HEADING--TOPICAL TERM

  • Topical term or geographic name entry element: Motor vehicles
  • General subdivision: Dynamics.

670 ## - SOURCE DATA FOUND

  • Source citation: Work cat.: (NUST)0: Meywerk, Martin, author. 10005, Vehicle dynamics /
© 2023 Central Library, National University of Sciences and Technology. All Rights Reserved.